000
00277nam a22001217a 4500
008
181011b xxu||||| |||| 00| 0 eng d
041
_a
eng
080
_a
338
100
_a
53
101
_a
MNG
245
_a
Essentials of Contemporary Management
_c
Jones, G.R
942
_2
udc
_c
BK
999
_c
49461
_d
49461